| 000 | 00430nam a2200157Ia 4500 | ||
|---|---|---|---|
| 008 | 230718s9999 xx 000 0 und d | ||
| 041 | _aeng | ||
| 082 |
_a543 _bREE |
||
| 100 |
_aReeve R.N. _9142205 |
||
| 245 |
_aEnviornmental Analysis _bAnalytical Chemistery By Open Learning |
||
| 260 | _bJohn Wiley | ||
| 300 | _dRef 575 I ME (31011) | ||
| 365 | _cRs. | ||
| 700 |
_aReeve R.N. _9142205 |
||
| 906 |
_dB:687406-Dec-2008 _cME INS |
||
| 999 |
_c319804 _d319804 |
||